[Event "European Team-ch 2007"]
[Site "Crete GRE"]
[Date "2007.10.30"]
[Round "3.7"]
[White "Asrian, Karen"]
[Black "Balinov, Ilia"]
[Result "1-0"]
[WhiteElo "2623"]
[BlackElo "2475"]
[PlyCount "79"]
[EventDate "2007.10.28"]
[EventType "team"]
[EventRounds "9"]
[EventCountry "GRE"]
[Source "lmi"]
[SourceDate "2007.10.28"]
[WhiteTeam "Armenia"]
[BlackTeam "Austria"]
[WhiteTeamCountry "ARM"]
[BlackTeamCountry "AUT"]

1. e4 c5 2. Nf3 d6 3. d4 Nf6 4. Nc3 cxd4 5. Nxd4 a6 6. Be3 e6 7. a4 Nc6 8. Be2
Be7 9. O-O O-O 10. f4 Qc7 11. Kh1 Re8 12. Bf3 Rb8 13. Qd2 Bd7 14. Nb3 b6 15.
Bf2 Nb4 16. Bg3 Bc6 17. e5 dxe5 18. fxe5 Nd7 19. Bxc6 Nxc6 20. Nd5 Qd8 21.
Nxe7+ Qxe7 22. Qe2 Nc5 23. Nxc5 bxc5 24. c3 Qb7 25. Qf2 Rec8 26. Rad1 Rc7 27.
Rd2 c4 28. Qf4 Qb3 29. Bh4 Qxa4 30. Bf6 Ne7 31. Bxg7 Kxg7 32. Qf6+ Kg8 33.
Qxf7+ Kh8 34. Qf6+ Kg8 35. Qxe6+ Kh8 36. Qf6+ Kg8 37. Qg5+ Kh8 38. e6 Qc6 39.
Qe5+ Kg8 40. Rf7 1-0

[Event "European Team-ch 2007"]
[Site "Crete GRE"]
[Date "2007.10.30"]
[Round "3.8"]
[White "Djukic, Nikola"]
[Black "Topalov, Veselin"]
[Result "0-1"]
[WhiteElo "2528"]
[BlackElo "2769"]
[PlyCount "82"]
[EventDate "2007.10.28"]
[EventType "team"]
[EventRounds "9"]
[EventCountry "GRE"]
[Source "lmi"]
[SourceDate "2007.10.28"]
[WhiteTeam "MNE"]
[BlackTeam "Bulgaria"]
[BlackTeamCountry "BUL"]

1. e4 c5 2. Nf3 d6 3. d4 cxd4 4. Nxd4 Nf6 5. Nc3 a6 6. Be3 e5 7. Nb3 Be6 8. f3
h5 9. Qd2 Nbd7 10. O-O-O Qc7 11. Kb1 b5 12. Nd5 Bxd5 13. exd5 Nb6 14. Bxb6 Qxb6
15. Qa5 Nd7 16. c4 bxc4 17. Bxc4 g6 18. Qxb6 Nxb6 19. Na5 Bh6 20. Rd3 Kd7 21.
Rb3 Nxc4 22. Nxc4 Rab8 23. Rxb8 Rxb8 24. Kc2 f5 25. a3 Rc8 26. Kb3 Rc5 27. Rd1
Kc7 28. Rd3 e4 29. fxe4 fxe4 30. Rd1 e3 31. Kc3 Bg7+ 32. Kb3 Rxd5 33. Re1 Rb5+
34. Kc2 d5 35. Rxe3 Bd4 36. Re7+ Kd8 37. Re6 Kd7 38. Rd6+ Kc7 39. b4 g5 40. h3
h4 41. Kd2 Ba1 0-1

[Event "European Team-ch 2007"]
[Site "Crete GRE"]
[Date "2007.10.30"]
[Round "3.8"]
[White "Cheparinov, Ivan"]
[Black "Drasko, Milan"]
[Result "1-0"]
[WhiteElo "2670"]
[BlackElo "2557"]
[PlyCount "53"]
[EventDate "2007.10.28"]
[EventType "team"]
[EventRounds "9"]
[EventCountry "GRE"]
[Source "lmi"]
[SourceDate "2007.10.28"]
[WhiteTeam "Bulgaria"]
[BlackTeam "MNE"]
[WhiteTeamCountry "BUL"]

1. Nf3 Nf6 2. c4 e6 3. Nc3 Bb4 4. Qc2 O-O 5. a3 Bxc3 6. Qxc3 d6 7. e3 a5 8. b3
Re8 9. d4 Nc6 10. Bb2 e5 11. d5 Ne7 12. Nd2 b5 13. e4 bxc4 14. Bxc4 Bd7 15. O-O
c6 16. dxc6 Bxc6 17. f4 Qb6+ 18. Kh1 Ng6 19. fxe5 dxe5 20. a4 Rad8 21. Rac1 Nf4
22. Bxf7+ Kxf7 23. Nc4 Qd4 24. Nxe5+ Rxe5 25. Qxd4 Rxd4 26. Bxd4 Rxe4 27. Bxf6
1-0

[Event "European Team-ch 2007"]
[Site "Crete GRE"]
[Date "2007.10.30"]
[Round "3.8"]
[White "Delchev, Aleksander"]
[Black "Kosic, Dragan"]
[Result "1-0"]
[WhiteElo "2613"]
[BlackElo "2482"]
[PlyCount "65"]
[EventDate "2007.10.28"]
[EventType "team"]
[EventRounds "9"]
[EventCountry "GRE"]
[Source "lmi"]
[SourceDate "2007.10.28"]
[WhiteTeam "Bulgaria"]
[BlackTeam "MNE"]
[WhiteTeamCountry "BUL"]

1. d4 d5 2. c4 c6 3. Nf3 Nf6 4. Nc3 e6 5. Bg5 h6 6. Bxf6 Qxf6 7. e3 Nd7 8. Qc2
Qd8 9. Bd3 Be7 10. O-O O-O 11. Rac1 a6 12. Rfd1 f5 13. cxd5 cxd5 14. Qb3 Kh8
15. Ne5 Nxe5 16. dxe5 Bd7 17. Qxb7 Rb8 18. Qa7 Rxb2 19. Nxd5 exd5 20. Rc7 Bh4
21. g3 Rf7 22. e6 Bxe6 23. Rxf7 Bxf7 24. Qxf7 Bf6 25. Bxf5 Rxa2 26. Rxd5 Qg8
27. Qd7 Rb2 28. Be4 Rb6 29. Rc5 Rb8 30. Qf5 Rf8 31. Bd5 Qh7 32. Qxh7+ Kxh7 33.
Ra5 1-0

[Event "European Team-ch 2007"]
[Site "Crete GRE"]
[Date "2007.10.30"]
[Round "3.9"]
[White "Bacrot, Etienne"]
[Black "Sulskis, Sarunas"]
[Result "1-0"]
[WhiteElo "2695"]
[BlackElo "2527"]
[PlyCount "71"]
[EventDate "2007.10.28"]
[EventType "team"]
[EventRounds "9"]
[EventCountry "GRE"]
[Source "lmi"]
[SourceDate "2007.10.28"]
[WhiteTeam "France"]
[BlackTeam "Lithuania"]
[WhiteTeamCountry "FRA"]
[BlackTeamCountry "LTU"]

1. d4 Nf6 2. c4 e6 3. Nf3 b6 4. g3 Ba6 5. b3 Bb4+ 6. Bd2 Be7 7. Bg2 c6 8. Bc3
d5 9. Ne5 Nfd7 10. Nxd7 Nxd7 11. Nd2 O-O 12. O-O Rc8 13. e4 c5 14. exd5 exd5
15. dxc5 dxc4 16. cxb6 Nxb6 17. Re1 cxb3 18. Qxb3 Rxc3 19. Qxc3 Bf6 20. Qa5
Bxa1 21. Rxa1 Nc8 22. Qxa6 Qxd2 23. Rb1 h5 24. h4 g6 25. Bh3 Nd6 26. Qxa7 Ne4
27. a4 Kg7 28. Bg2 Nc3 29. Rf1 Re8 30. a5 g5 31. Qc5 gxh4 32. gxh4 f6 33. Qxh5
Ne2+ 34. Kh1 Qf4 35. Rb1 Re7 36. Bf3 1-0

[Event "European Team-ch 2007"]
[Site "Crete GRE"]
[Date "2007.10.30"]
[Round "3.10"]
[White "Jobava, Baadur"]
[Black "Georgiev, Vladimir"]
[Result "0-1"]
[WhiteElo "2644"]
[BlackElo "2576"]
[PlyCount "44"]
[EventDate "2007.10.28"]
[EventType "team"]
[EventRounds "9"]
[EventCountry "GRE"]
[Source "lmi"]
[SourceDate "2007.10.28"]
[WhiteTeam "Georgia"]
[BlackTeam "Former Yugoslav Republic of Macedonia"]
[WhiteTeamCountry "GEO"]
[BlackTeamCountry "FRM"]

1. e4 e5 2. Nf3 Nc6 3. Bb5 a6 4. Ba4 Nf6 5. O-O Bc5 6. c3 b5 7. Bb3 d6 8. d4
Ba7 9. Be3 O-O 10. Nbd2 Bg4 11. h3 Bh5 12. Bg5 Rb8 13. a4 Bg6 14. d5 Na5 15.
Bc2 b4 16. Rb1 bxc3 17. bxc3 Rxb1 18. Bxb1 c6 19. c4 Qd7 20. Bxf6 gxf6 21. Kh2
Rb8 22. Qe2 Rb4 0-1

[Event "European Team-ch 2007"]
[Site "Crete GRE"]
[Date "2007.10.30"]
[Round "3.10"]
[White "Nedev, Trajce"]
[Black "Gelashvili, Tamaz"]
[Result "1/2-1/2"]
[WhiteElo "2528"]
[BlackElo "2623"]
[PlyCount "79"]
[EventDate "2007.10.28"]
[EventType "team"]
[EventRounds "9"]
[EventCountry "GRE"]
[Source "lmi"]
[SourceDate "2007.10.28"]
[WhiteTeam "Former Yugoslav Republic of Macedonia"]
[BlackTeam "Georgia"]
[WhiteTeamCountry "FRM"]
[BlackTeamCountry "GEO"]

1. e4 c5 2. Nf3 d6 3. d4 cxd4 4. Nxd4 Nf6 5. Nc3 g6 6. Be3 Bg7 7. f3 a6 8. Qd2
Nbd7 9. Be2 b5 10. a4 bxa4 11. Rxa4 Bb7 12. O-O O-O 13. Nb3 Ne5 14. Na5 Bc8 15.
Nd5 Nxd5 16. exd5 Bd7 17. Ra2 Qc7 18. c4 f5 19. h3 e6 20. f4 Nf7 21. dxe6 Bxe6
22. Bf3 Rab8 23. b4 Rfe8 24. Rc2 Nd8 25. b5 axb5 26. cxb5 Qe7 27. b6 Bb3 28.
Bd5+ Kf8 29. Bf2 Bxc2 30. Qxc2 Ne6 31. Re1 Qd7 32. Qc6 Nc5 33. Rxe8+ Kxe8 34.
Bxc5 dxc5 35. Qxc5 Rxb6 36. Qxb6 Qxd5 37. Qb8+ Kf7 38. Qc7+ Kg8 39. Qc8+ Bf8
40. Qc4 1/2-1/2

[Event "European Team-ch 2007"]
[Site "Crete GRE"]
[Date "2007.10.30"]
[Round "3.10"]
[White "Pantsulaia, Levan"]
[Black "Colovic, Aleksandar"]
[Result "0-1"]
[WhiteElo "2617"]
[BlackElo "2477"]
[PlyCount "69"]
[EventDate "2007.10.28"]
[EventType "team"]
[EventRounds "9"]
[EventCountry "GRE"]
[Source "lmi"]
[SourceDate "2007.10.28"]
[WhiteTeam "Georgia"]
[BlackTeam "Former Yugoslav Republic of Macedonia"]
[WhiteTeamCountry "GEO"]
[BlackTeamCountry "FRM"]

1. Nf3 d5 2. c4 c6 3. g3 Nf6 4. Bg2 dxc4 5. O-O Nbd7 6. Na3 Nb6 7. Qc2 Be6 8.
Ne5 Qd4 9. Nxc6 bxc6 10. Bxc6+ Kd8 11. Bxa8 Nxa8 12. d3 cxd3 13. Rd1 dxc2 14.
Rxd4+ Bd7 15. Nc4 e6 16. Ne5 Ke8 17. Nxd7 Nxd7 18. Ra4 Bc5 19. Be3 Bxe3 20.
fxe3 Ke7 21. Rxa7 Rc8 22. Rc1 Nab6 23. Kf2 Ke8 24. Ra3 Nf6 25. Ke1 Ne4 26. b4
Rc4 27. Rb3 Nd5 28. b5 Kd7 29. a3 Kc7 30. a4 Kb7 31. Ra3 Rb4 32. Raa1 Nxe3 33.
Ra3 Rb1 34. Ra1 Rxa1 35. Rxa1 0-1

[Event "European Team-ch 2007"]
[Site "Crete GRE"]
[Date "2007.10.30"]
[Round "3.10"]
[White "Stanojoski, Zvonko"]
[Black "Arutinian, David"]
[Result "1/2-1/2"]
[WhiteElo "2467"]
[BlackElo "2574"]
[PlyCount "63"]
[EventDate "2007.10.28"]
[EventType "team"]
[EventRounds "9"]
[EventCountry "GRE"]
[Source "lmi"]
[SourceDate "2007.10.28"]
[WhiteTeam "Former Yugoslav Republic of Macedonia"]
[BlackTeam "Georgia"]
[WhiteTeamCountry "FRM"]
[BlackTeamCountry "GEO"]

1. c4 e5 2. g3 Nf6 3. Bg2 d5 4. cxd5 Nxd5 5. Nc3 Nb6 6. d3 Be7 7. a4 a5 8. Be3
O-O 9. Rc1 Re8 10. Nf3 Nc6 11. O-O Bf8 12. Nb5 Nd5 13. Bc5 Bxc5 14. Rxc5 Ncb4
15. Nd2 c6 16. Na3 b6 17. Rc1 Ra7 18. Ne4 f5 19. Nc3 Nf6 20. Nc4 Kh8 21. Qd2
Rae7 22. Rfd1 g6 23. Qe3 Nfd5 24. Qd2 Nf6 25. Qe3 Nfd5 26. Qd2 Ba6 27. Nxd5
cxd5 28. Ne3 f4 29. Nc2 Nxc2 30. Rxc2 Qd6 31. Rb1 fxg3 32. hxg3 1/2-1/2

[Event "European Team-ch 2007"]
[Site "Crete GRE"]
[Date "2007.10.30"]
[Round "3.11"]
[White "Naiditsch, Arkadij"]
[Black "Nevednichy, Vladislav"]
[Result "1/2-1/2"]
[WhiteElo "2639"]
[BlackElo "2531"]
[PlyCount "71"]
[EventDate "2007.10.28"]
[EventType "team"]
[EventRounds "9"]
[EventCountry "GRE"]
[Source "lmi"]
[SourceDate "2007.10.28"]
[WhiteTeam "Germany"]
[BlackTeam "Romania"]
[WhiteTeamCountry "GER"]
[BlackTeamCountry "ROM"]

1. e4 c5 2. Nf3 d6 3. Nc3 a6 4. d4 cxd4 5. Nxd4 e6 6. Be3 Ne7 7. Qd2 Nec6 8.
Nxc6 Nxc6 9. Na4 b5 10. Nb6 Rb8 11. Nxc8 Qxc8 12. Qc3 d5 13. O-O-O dxe4 14. a3
Qb7 15. Kb1 Rc8 16. Be2 Ne7 17. Qe5 Ng6 18. Qd4 f6 19. Bh5 Bc5 20. Qxc5 Rxc5
21. Bxc5 Kf7 22. Rd6 Qc7 23. b4 Rd8 24. Rhd1 Rxd6 25. Rxd6 f5 26. g3 Qc8 27.
Kb2 Kg8 28. Bb6 Kf7 29. h4 Ke7 30. Bc5 Kf6 31. Rb6 Nf8 32. Bd4+ Ke7 33. Bc5+
Kf6 34. Bd4+ Ke7 35. Bc5+ Kf6 36. Bd4+ 1/2-1/2

[Event "European Team-ch 2007"]
[Site "Crete GRE"]
[Date "2007.10.30"]
[Round "3.11"]
[White "Lupulescu, Constantin"]
[Black "Gustafsson, Jan"]
[Result "1/2-1/2"]
[WhiteElo "2562"]
[BlackElo "2606"]
[PlyCount "28"]
[EventDate "2007.10.28"]
[EventType "team"]
[EventRounds "9"]
[EventCountry "GRE"]
[Source "lmi"]
[SourceDate "2007.10.28"]
[WhiteTeam "Romania"]
[BlackTeam "Germany"]
[WhiteTeamCountry "ROM"]
[BlackTeamCountry "GER"]

1. e4 e5 2. Nc3 Nf6 3. g3 c6 4. d4 Bb4 5. Bg2 d5 6. exd5 Nxd5 7. Bd2 Bxc3 8.
bxc3 exd4 9. cxd4 O-O 10. Ne2 Re8 11. O-O Bg4 12. f3 Bf5 13. Nf4 Na6 14. c3 c5
1/2-1/2

[Event "European Team-ch 2007"]
[Site "Crete GRE"]
[Date "2007.10.30"]
[Round "3.11"]
[White "Kritz, Leonid"]
[Black "Jianu, Vlad-Cristian"]
[Result "1/2-1/2"]
[WhiteElo "2596"]
[BlackElo "2535"]
[PlyCount "159"]
[EventDate "2007.10.28"]
[EventType "team"]
[EventRounds "9"]
[EventCountry "GRE"]
[Source "lmi"]
[SourceDate "2007.10.28"]
[WhiteTeam "Germany"]
[BlackTeam "Romania"]
[WhiteTeamCountry "GER"]
[BlackTeamCountry "ROM"]

1. Nf3 g6 2. d4 Nf6 3. e3 Bg7 4. b3 O-O 5. Bb2 b6 6. Bd3 Bb7 7. O-O d6 8. c4
Nbd7 9. Nc3 e5 10. Be2 Re8 11. d5 a5 12. Qc2 h5 13. e4 Ng4 14. Ne1 Rf8 15. h3
Nh6 16. Nd3 Qh4 17. f4 f5 18. Rf3 Rae8 19. Raf1 Bc8 20. Qd2 Kh7 21. Bd1 exf4
22. Rxf4 Qg5 23. h4 Qe7 24. g3 Ne5 25. Nf2 Nhg4 26. Nxg4 hxg4 27. exf5 gxf5 28.
R4f2 Bh6 29. Qe2 Qd8 30. Kh1 Kg8 31. Qc2 f4 32. Ne2 Bf5 33. Qc3 Be4+ 34. Kg1
Bg7 35. Nd4 Nf3+ 36. Bxf3 Bxf3 37. Rxf3 gxf3 38. Rxf3 Qe7 39. gxf4 Qe1+ 40.
Qxe1 Rxe1+ 41. Kf2 Re4 42. Rg3 Rfxf4+ 43. Nf3 Rg4 44. Rxg4 Rxg4 45. Bc1 Bf6 46.
Ke3 Kh7 47. a4 Kg6 48. Bd2 Kf5 49. Be1 Re4+ 50. Kd2 Kf4 51. Ng5 Bxg5 52. hxg5
Kf3 53. Kd1 Rg4 54. Bd2 Ke4 55. Kc2 Rg2 56. g6 Rxg6 57. Bc3 Rg2+ 58. Kb1 Kd3
59. Bf6 Rg6 60. Bh8 b5 61. cxb5 Rg8 62. Bf6 Ke4 63. Bc3 Ra8 64. Kc2 Kxd5 65.
Kd3 Kc5 66. Bd4+ Kd5 67. Bc3 c6 68. bxc6 Kxc6 69. Bd2 d5 70. Bc3 Kc5 71. Bd2 d4
72. Be1 Kd5 73. Bf2 Rb8 74. Bxd4 Rxb3+ 75. Bc3 Ra3 76. Kc2 Kc4 77. Bxa5 Ra2+
78. Kd1 Kd3 79. Ke1 Rxa4 80. Bb6 1/2-1/2

[Event "European Team-ch 2007"]
[Site "Crete GRE"]
[Date "2007.10.30"]
[Round "3.11"]
[White "Berescu, Alin"]
[Black "Baramidze, David"]
[Result "1/2-1/2"]
[WhiteElo "2508"]
[BlackElo "2569"]
[PlyCount "103"]
[EventDate "2007.10.28"]
[EventType "team"]
[EventRounds "9"]
[EventCountry "GRE"]
[Source "lmi"]
[SourceDate "2007.10.28"]
[WhiteTeam "Romania"]
[BlackTeam "Germany"]
[WhiteTeamCountry "ROM"]
[BlackTeamCountry "GER"]

1. e4 c5 2. Nf3 d6 3. d4 cxd4 4. Nxd4 Nf6 5. Nc3 Nc6 6. Bg5 e6 7. Qd2 Be7 8.
O-O-O Nxd4 9. Qxd4 O-O 10. f4 Qa5 11. Kb1 Rd8 12. Be2 Bd7 13. Qe3 h6 14. h4
Rac8 15. Rd3 Bc6 16. Qg3 Nxe4 17. Nxe4 Bxe4 18. Bxe7 Qc7 19. Rc3 Qxe7 20. Rxc8
Rxc8 21. Bd3 Bxd3 22. Qxd3 Rc5 23. g3 Qc7 24. Re1 Rd5 25. Qe2 h5 26. c4 Rd4 27.
b3 Qa5 28. Rd1 Qc3 29. Qxh5 g6 30. Qe2 Rxd1+ 31. Qxd1 Qxg3 32. Qxd6 Qxh4 33.
Qb8+ Kg7 34. Qxb7 Qxf4 35. Qxa7 g5 36. c5 Qe3 37. Qa3 Qd3+ 38. Kc1 g4 39. Qb2+
f6 40. Qg2 Qc3+ 41. Kb1 Qf3 42. Qg1 g3 43. c6 g2 44. Qa7+ Kg6 45. c7 Qd1+ 46.
Kb2 Qd2+ 47. Kb1 Qd3+ 48. Kb2 Qd2+ 49. Kb1 Qc3 50. Qf2 Qxc7 51. Qxg2+ Kf7 52.
Qc2 1/2-1/2

[Event "European Team-ch 2007"]
[Site "Crete GRE"]
[Date "2007.10.30"]
[Round "3.12"]
[White "Jones, Gawain C B"]
[Black "Agopov, Mikael"]
[Result "1-0"]
[WhiteElo "2567"]
[BlackElo "2440"]
[PlyCount "75"]
[EventDate "2007.10.28"]
[EventType "team"]
[EventRounds "9"]
[EventCountry "GRE"]
[Source "lmi"]
[SourceDate "2007.10.28"]
[WhiteTeam "England"]
[BlackTeam "Finland"]
[WhiteTeamCountry "ENG"]
[BlackTeamCountry "FIN"]

1. e4 c5 2. Nc3 Nc6 3. f4 g6 4. Nf3 Bg7 5. Bb5 Nd4 6. O-O Nxb5 7. Nxb5 d6 8. d3
Nf6 9. Qe1 O-O 10. f5 Bd7 11. Nc3 e6 12. Qh4 exf5 13. Bg5 h6 14. Bxh6 Nh7 15.
Bxg7 Kxg7 16. Qg3 Qb6 17. b3 c4+ 18. Kh1 cxd3 19. cxd3 Rae8 20. Nh4 fxe4 21.
dxe4 Re5 22. Nf3 Re6 23. Rad1 Qc5 24. Rd3 Nf6 25. Ng5 Re5 26. Qf3 Ng4 27. Rd5
Rxd5 28. Nxd5 f5 29. h3 Ne5 30. Qf4 Nd3 31. Qh4 Rh8 32. Ne6+ Bxe6 33. Qf6+ Kh7
34. Qe7+ Kh6 35. Qxe6 f4 36. Qf6 Qc8 37. Ne7 Qe8 38. Nf5+ 1-0

[Event "European Team-ch 2007"]
[Site "Crete GRE"]
[Date "2007.10.30"]
[Round "3.12"]
[White "Karttunen, Mika"]
[Black "Hebden, Mark L"]
[Result "0-1"]
[WhiteElo "2427"]
[BlackElo "2542"]
[PlyCount "84"]
[EventDate "2007.10.28"]
[EventType "team"]
[EventRounds "9"]
[EventCountry "GRE"]
[Source "lmi"]
[SourceDate "2007.10.28"]
[WhiteTeam "Finland"]
[BlackTeam "England"]
[WhiteTeamCountry "FIN"]
[BlackTeamCountry "ENG"]

1. d4 Nf6 2. Bg5 Ne4 3. Bf4 c5 4. f3 Qa5+ 5. c3 Nf6 6. Nd2 cxd4 7. Nb3 Qd8 8.
cxd4 d5 9. e3 Nc6 10. Rc1 e6 11. g4 Bb4+ 12. Kf2 O-O 13. a3 Be7 14. Ne2 Ne8 15.
Nc3 f5 16. gxf5 Rxf5 17. Bd3 Rxf4 18. exf4 Bd6 19. Ne2 Qh4+ 20. Ke3 Nf6 21. Qg1
Qh5 22. h4 Ne7 23. Qg5 Qf7 24. h5 h6 25. Qh4 b6 26. Kd2 Bd7 27. Rcg1 Rf8 28.
Nbc1 Ne8 29. Bg6 Nxg6 30. Rxg6 Be7 31. Qh2 Nd6 32. Nd3 Nc4+ 33. Ke1 Qf5 34.
Nec1 Be8 35. Rgg1 Bf6 36. Qf2 Bb5 37. a4 Bxa4 38. Kf1 Rc8 39. Rh2 Nd6 40. Qe3
Bb5 41. Kg2 Rc2+ 42. Kh1 Bxd3 0-1

[Event "European Team-ch 2007"]
[Site "Crete GRE"]
[Date "2007.10.30"]
[Round "3.12"]
[White "Conquest, Stuart C"]
[Black "Westerinen, Heikki M J"]
[Result "1-0"]
[WhiteElo "2540"]
[BlackElo "2371"]
[PlyCount "73"]
[EventDate "2007.10.28"]
[EventType "team"]
[EventRounds "9"]
[EventCountry "GRE"]
[Source "lmi"]
[SourceDate "2007.10.28"]
[WhiteTeam "England"]
[BlackTeam "Finland"]
[WhiteTeamCountry "ENG"]
[BlackTeamCountry "FIN"]

1. e4 e6 2. d4 d5 3. Nd2 c5 4. exd5 exd5 5. Ngf3 c4 6. b3 cxb3 7. axb3 Nc6 8.
Bd3 Bb4 9. O-O Nge7 10. Bb2 Bf5 11. Bxf5 Nxf5 12. Re1+ Be7 13. Ne5 O-O 14. Ndf3
f6 15. Nxc6 bxc6 16. Qe2 Rf7 17. Qe6 Nd6 18. Ba3 Qc7 19. c4 dxc4 20. bxc4 Nc8
21. h4 Bxa3 22. Rxa3 Nd6 23. c5 Nb5 24. Ra6 Rc8 25. d5 cxd5 26. Qxd5 Qb7 27.
Qa2 Nc3 28. Qa3 Nd5 29. Rae6 Qb5 30. c6 Nc7 31. Nd4 Qd5 32. Rd6 Nb5 33. Nxb5
Qxb5 34. Qa2 Kf8 35. Qe6 Qb8 36. Rd7 Rxd7 37. cxd7 1-0

[Event "European Team-ch 2007"]
[Site "Crete GRE"]
[Date "2007.10.30"]
[Round "3.13"]
[White "Cicak, Slavko"]
[Black "Halkias, Stelios"]
[Result "1/2-1/2"]
[WhiteElo "2569"]
[BlackElo "2590"]
[PlyCount "136"]
[EventDate "2007.10.28"]
[EventType "team"]
[EventRounds "9"]
[EventCountry "GRE"]
[Source "lmi"]
[SourceDate "2007.10.28"]
[WhiteTeam "Sweden"]
[BlackTeam "Greece"]
[WhiteTeamCountry "SWE"]
[BlackTeamCountry "GRE"]

1. c4 e6 2. Nf3 d5 3. e3 Nf6 4. b3 Be7 5. Bb2 O-O 6. Be2 b6 7. O-O Bb7 8. cxd5
Nxd5 9. a3 c5 10. d3 Bf6 11. Qc2 Nc6 12. Nbd2 Bxb2 13. Qxb2 Qf6 14. Qxf6 gxf6
15. Rfc1 Rfd8 16. Rab1 Rac8 17. Ne4 Kf8 18. Nc3 Nxc3 19. Rxc3 Ne7 20. Ne1 Nd5
21. Rc2 Ba6 22. Rbc1 f5 23. g3 Nf6 24. Kf1 Bb7 25. h3 Ke7 26. Ng2 a5 27. Ne1 e5
28. Rb2 h5 29. Ra1 Ra8 30. Nf3 Ke6 31. Ng5+ Ke7 32. Nf3 e4 33. dxe4 fxe4 34.
Nh4 Bc8 35. Kg2 Be6 36. Kh2 Rd6 37. Ng2 Nd5 38. Bc4 Rad8 39. Rc1 f5 40. Rcc2
Bf7 41. Kg1 Be8 42. Kf1 a4 43. Rc1 axb3 44. Rxb3 Nc7 45. Be2 Bf7 46. Rbb1 Ra8
47. Rc3 Ra4 48. Nf4 c4 49. Ke1 b5 50. Bd1 Ra7 51. Rb4 Rda6 52. a4 bxa4 53. Ra3
c3 54. Ne2 Nd5 55. Rbxa4 Rxa4 56. Rxa4 Rb7 57. Ra3 Rc7 58. Bb3 Nb4 59. Nxc3
Nd3+ 60. Kf1 Rxc3 61. Ra7+ Kd6 62. Bxf7 Rc1+ 63. Ke2 Rc2+ 64. Kd1 Rxf2 65. Bxh5
Rg2 66. Bg6 Rxg3 67. Bxf5 Rxe3 68. Kd2 Rg3 1/2-1/2

[Event "European Team-ch 2007"]
[Site "Crete GRE"]
[Date "2007.10.30"]
[Round "3.13"]
[White "Banikas, Hristos"]
[Black "Hillarp Persson, Tiger"]
[Result "1/2-1/2"]
[WhiteElo "2591"]
[BlackElo "2567"]
[PlyCount "63"]
[EventDate "2007.10.28"]
[EventType "team"]
[EventRounds "9"]
[EventCountry "GRE"]
[Source "lmi"]
[SourceDate "2007.10.28"]
[WhiteTeam "Greece"]
[BlackTeam "Sweden"]
[WhiteTeamCountry "GRE"]
[BlackTeamCountry "SWE"]

1. e4 c5 2. Nf3 d6 3. d4 cxd4 4. Nxd4 Nf6 5. f3 Nc6 6. c4 g6 7. Be3 Bg7 8. Qd2
O-O 9. Be2 Bd7 10. O-O Nxd4 11. Bxd4 Bc6 12. Rd1 a5 13. Na3 Nd7 14. Nc2 Nc5 15.
Kh1 Re8 16. b3 Qb6 17. Rab1 Bxd4 18. Qxd4 Qa7 19. Ne3 e5 20. Qd2 Bxe4 21. fxe4
Nxe4 22. Qc1 Nf2+ 23. Kg1 Nxd1 24. Bxd1 f5 25. Kh1 Rf8 26. Be2 Rae8 27. Nd5 Qd4
28. Qe1 f4 29. Nc7 Re7 30. Nd5 Ree8 31. Nc7 Re7 32. Nd5 1/2-1/2

[Event "European Team-ch 2007"]
[Site "Crete GRE"]
[Date "2007.10.30"]
[Round "3.13"]
[White "Carlsson, Pontus"]
[Black "Papaioannou, Ioannis"]
[Result "1-0"]
[WhiteElo "2481"]
[BlackElo "2573"]
[PlyCount "81"]
[EventDate "2007.10.28"]
[EventType "team"]
[EventRounds "9"]
[EventCountry "GRE"]
[Source "lmi"]
[SourceDate "2007.10.28"]
[WhiteTeam "Sweden"]
[BlackTeam "Greece"]
[WhiteTeamCountry "SWE"]
[BlackTeamCountry "GRE"]

1. e4 d5 2. exd5 Qxd5 3. Nc3 Qa5 4. d4 Nf6 5. Nf3 c6 6. Bc4 Bf5 7. Bd2 e6 8.
Nd5 Qd8 9. Nxf6+ gxf6 10. Bb3 Nd7 11. Qe2 Qc7 12. O-O-O O-O-O 13. Nh4 Bg6 14.
g3 Kb8 15. Ng2 Bd6 16. h4 h5 17. Nf4 Bf5 18. Nxh5 c5 19. g4 Rxh5 20. gxf5 Rxf5
21. Be3 cxd4 22. Bxd4 Rh8 23. h5 Bh2 24. h6 Rxh6 25. Kb1 Bf4 26. Rxh6 Bxh6 27.
Bxe6 fxe6 28. Qxe6 Rf3 29. Qe8+ Qc8 30. Bxa7+ Kc7 31. Qh5 Ne5 32. Qxh6 b6 33.
Qh7+ Kc6 34. Qe4+ Kc7 35. Qd5 Rh3 36. Qd6+ Kb7 37. Qxb6+ Ka8 38. Bb8 Qd7 39.
Bd6 Nc6 40. Qa6+ Na7 41. Rg1 1-0

[Event "European Team-ch 2007"]
[Site "Crete GRE"]
[Date "2007.10.30"]
[Round "3.14"]
[White "Lie, Kjetil A"]
[Black "Steingrimsson, Hedinn"]
[Result "1/2-1/2"]
[WhiteElo "2563"]
[BlackElo "2533"]
[PlyCount "89"]
[EventDate "2007.10.28"]
[EventType "team"]
[EventRounds "9"]
[EventCountry "GRE"]
[Source "lmi"]
[SourceDate "2007.10.28"]
[WhiteTeam "Norway"]
[BlackTeam "Iceland"]
[WhiteTeamCountry "NOR"]
[BlackTeamCountry "ISL"]

1. e4 c5 2. Nf3 d6 3. d4 cxd4 4. Nxd4 Nf6 5. Nc3 a6 6. Bg5 e6 7. f4 Nbd7 8. Qf3
Qc7 9. O-O-O b5 10. Bd3 Bb7 11. Rhe1 Qb6 12. Nd5 Qxd4 13. Bxf6 gxf6 14. Bxb5
Qc5 15. Nxf6+ Kd8 16. Nxd7 Qxb5 17. Nxf8 Rxf8 18. Qa3 Ke8 19. Qxd6 Qc6 20. Qd4
Qc7 21. f5 Rc8 22. Rd2 Rd8 23. Qa4+ Qc6 24. Rxd8+ Kxd8 25. Qb4 Re8 26. Re3 Qc7
27. f6 a5 28. Qb5 Qf4 29. Qc5 Kd7 30. Qa7 Qf1+ 31. Kd2 Qf2+ 32. Kd3 Kc8 33. Kc3
Qxf6+ 34. Kb3 Re7 35. Rc3+ Rc7 36. Rxc7+ Kxc7 37. Qxa5+ Kb8 38. e5 Qg5 39. g3
Qe3+ 40. c3 Bd5+ 41. Ka3 Qxe5 42. Qb5+ Ka8 43. Qa6+ Kb8 44. Qb5+ Ka8 45. Qa6+
1/2-1/2

[Event "European Team-ch 2007"]
[Site "Crete GRE"]
[Date "2007.10.30"]
[Round "3.14"]
[White "Kristjansson, Stefan"]
[Black "Lie, Espen"]
[Result "1-0"]
[WhiteElo "2458"]
[BlackElo "2421"]
[PlyCount "99"]
[EventDate "2007.10.28"]
[EventType "team"]
[EventRounds "9"]
[EventCountry "GRE"]
[Source "lmi"]
[SourceDate "2007.10.28"]
[WhiteTeam "Iceland"]
[BlackTeam "Norway"]
[WhiteTeamCountry "ISL"]
[BlackTeamCountry "NOR"]

1. e4 e5 2. Nf3 Nc6 3. Nc3 Nf6 4. Bb5 Bb4 5. O-O d6 6. Nd5 Ba5 7. b4 Bb6 8. d4
Nxe4 9. Re1 f5 10. Nxb6 cxb6 11. dxe5 O-O 12. Bc4+ Kh8 13. exd6 Qxd6 14. Ba3
Qf6 15. b5 Rd8 16. Qe2 Ne5 17. Nxe5 Qxe5 18. Qe3 Qc7 19. Bd3 Bd7 20. Bb2 Re8
21. f3 Nf6 22. Qf2 Qd6 23. a4 Rad8 24. Rad1 Rxe1+ 25. Rxe1 Re8 26. Rxe8+ Nxe8
27. Qd4 Be6 28. Qe5 Kg8 29. Kf2 Kf7 30. Qxd6 Nxd6 31. Be5 Nc4 32. Bb8 Nb2 33.
Be2 Nxa4 34. Bxa7 Nc3 35. Bd3 Bd7 36. Bxb6 Nxb5 37. Ke3 Ke6 38. Kf4 g6 39. Bc4+
Kd6 40. Kg5 Ke5 41. Kh6 Na3 42. Bb3 Bb5 43. Kxh7 Bf1 44. g3 g5 45. h4 gxh4 46.
gxh4 f4 47. h5 Be2 48. Kg7 Bxf3 49. h6 Be4 50. Bf7 1-0